Cion Cion Blu /

में बचाया:
ग्रंथसूची विवरण
मुख्य लेखक: Carpi, Pinin (लेखक)
अन्य लेखक: De Paoli, Iris (व्याख्याता)
स्वरूप: पुस्तक
भाषा:इतालवी
प्रकाशित: Casale Monferrato : Piemme junior, 2002
श्रृंखला:Il battello a vapore. Serie arancio ; 56
टैग: टैग जोड़ें
कोई टैग नहीं, इस रिकॉर्ड को टैग करने वाले पहले व्यक्ति बनें!

MARC

LEADER 00000nam a22000007i 4500
001 IT\ICCU\LO1\0600259
003 ItRI
005 20240918105446.0
008 020220s2002 it |||||| ||||| |||||c
020 |a 8838436576 
040 |b ita  |c CDM 
041 7 |a ita  |2 ISO-639-2 
100 1 |a Carpi, Pinin  |0 IT\ICCU\CFIV\001767  |4 aut 
240 1 0 |a Cion Cion Blu  |9 Carpi, Pinin 
245 1 0 |a Cion Cion Blu /  |c Pinin Carpi ; illustrazioni di Iris De Paoli. 
260 |a Casale Monferrato :  |b Piemme junior,  |c 2002 
300 |a 343 p. :  |b ill. ;  |c 19 cm. 
700 1 |a De Paoli, Iris  |0 IT\ICCU\RAVV\043925  |4 ill 
830 3 |a Il battello a vapore. Serie arancio ;  |v 56  |0 IT\ICCU\RAV\0206861 
942 |2 ddc  |c BK 
952 |0 0  |1 0  |2 ddc  |4 0  |6 853_914000000000000_CAR_CIO  |7 1  |9 1993  |a RA  |b RA  |d 2024-09-18  |l 0  |o 853.914 CAR CIO  |p 9591  |r 2024-09-18 10:55:53  |w 2024-09-18  |y BK  |z Sezione ragazz3 
981 1 |6 z01  |a i   |b xxxe  
982 1 |6 z01  |a n 
999 |c 1771  |d 1771